India: A Cultural Journey (Record no. 13573)
[ view plain ]
| 000 -LEADER | |
|---|---|
| fixed length control field | 00218 a2200085 4500 |
| 020 ## - INTERNATIONAL STANDARD BOOK NUMBER | |
| International Standard Book Number | 978-1587592171 |
| 100 ## - MAIN ENTRY--PERSONAL NAME | |
| Personal name | Catherine Bourzat |
| 245 ## - TITLE STATEMENT | |
| Title | India: A Cultural Journey |
| 260 ## - PUBLICATION, DISTRIBUTION, ETC. | |
| Name of publisher, distributor, etc. | Hachette Livre Direction Paris |
| Date of publication, distribution, etc. | 2009 |
| Withdrawn status | Lost status | Source of classification or shelving scheme | Damaged status | Not for loan | Permanent Location | Current Location | Date acquired | Source of acquisition | Cost, normal purchase price | Full call number | Barcode | Date last seen | Cost, replacement price | Price effective from | Koha item type |
|---|---|---|---|---|---|---|---|---|---|---|---|---|---|---|---|
| BMS College of Architecture, Design and Planning | BMS College of Architecture, Design and Planning | 2025-09-10 | 10 | 1830.24 | 915.4 | AR-UG4388 | 2025-09-10 | 2614.63 | 2025-09-10 | UG Books |